LIBRARY & INFORMATION CENTRE, KCAET, TAVANUR

ONLINE PUBLIC ACCESS CATALOGUE (OPAC)

Principles of Agricultural Processing (Record no. 14858)

MARC details
000 -LEADER
fixed length control field 00316nam a22001337a 4500
020 ## - INTERNATIONAL STANDARD BOOK NUMBER
ISBN 812722717X
082 ## - DEWEY DECIMAL CLASSIFICATION NUMBER
Classification number 660.284
Item number PAN/PR
100 ## - MAIN ENTRY--AUTHOR NAME
Personal name Pandey,P.H
245 ## - TITLE STATEMENT
Title Principles of Agricultural Processing
250 ## - EDITION STATEMENT
Edition statement 2 nd rev.
260 ## - PUBLICATION, DISTRIBUTION, ETC. (IMPRINT)
Place of publication Ludhiana
Name of publisher Kalyani Publishers
Year of publication 2006
300 ## - PHYSICAL DESCRIPTION
Number of Pages 325
942 ## - ADDED ENTRY ELEMENTS (KOHA)
Koha item type Books
Holdings
Withdrawn status Lost status Damaged status Collection code Home library Current library Shelving location Date acquired Source of acquisition Cost, normal purchase price Full call number Accession Number Koha item type
        KAUAET KAUAET General Stacks 30/03/2017 Vigyan Books, Delhi 275.00 660.284 PAN/PR 25417 Books
        KAUAET KAUAET General Stacks 30/03/2017 Vigyan Books, Delhi 275.00 660.284 PAN/PR 25418 Books
free website counter